000 00904nam a2200253 i 4500
001 bg
245 0 0 _aPerspektywy rozwoju i zagrożenia wsi w warunkach zmian systemowych w Polsce /
_cpod red. Władysława Misiaka.
260 _aWrocław :
_bWydaw. Uniwersytetu Wrocławskiego,
_c1996.
300 _a187, [2] s. :
_bmapy, wykr. ;
_c24 cm.
490 1 _aActa Universitatis Wratislaviensis. Socjologia,
_x0239-6661 ;
_v21
500 _aW serii gł. nr 1866.
504 _aBibliogr. przy art.
650 9 _aRolnictwo
_xprognozy
_zPolska
650 9 _aWieś
_asocjologia
_xprognozy
_zPolska
700 1 _aMISIAK, Władysław.
_eRed.
830 0 _aActa Universitatis Wratislaviensis.
_pSocjologia ;
_v21
020 _a832290780X
040 _cBPK
041 0 _apl
080 _a316.334.55:316.422:63.001.18](438)
920 _a83-229-0780-X
942 _cKS
008 s pl f |000 0 pol
999 _c36472
_d36472
856 _uhttp://koha.tu.koszalin.pl/cgi-bin/koha/opac-detail.pl?biblionumber=36472
_yKatalog online BPK